01270nam a2200241Ia 4500001000600000003000900006008004100015040001300056040001300069041001300082100001600095100002900111245005500140245005500195250001100250260001100261260001400272260004900286300005700335500057700392650002800969650003100997H9996IT-RoPAU130308s9999 xx 000 0 und d aIT-RoPAU cIT-RoPAU aITALIANO aBallo Guido gCodice Aut. SPICS: 9633 aOcchio critico. Il nuovo sistema per vedere l'arte bOcchio Critico. Il Nuovo Sistema per Vedere L'Arte a1a ed. aMILANO bLonganesi c1966 [1° Ed.:1966 - Ed.Ling.Originale:1966] a"290 p. (prefazione: no ; testo: 290 [pagine: 0-0])" aOpera d'arte Gira. Occhio Comune o giudizio di Primo Grado. Frasi Fatte dell'Occhio Comune. Quando Occhio Comune guarda Nei musei e Commenta. Falso giudizio dell'Orecchiante. Occhio dell'Assolutista. Occhio Critico. Oltre Arte Pura tra Magia, Religone, contaminazione e Simboli. Illustrazione, Propaganda, Utilità. Valori e Simboli della Visibilità Pura. Funzione Decorativa nel Rapporto con Lo Spazio Ambientale. Ritmo, Proporzione e Movimento. Segno. partecipazione Espressiva e brutto nell'Arte. Nota Bibliografica. 200Illustrazioni in bianco e Nero e 30 a Colori. aSAGGI SULLE ARTI VISIVE eCodice materia Spics: 5011